[Event "Titled Tue 24th Jun Late"]
[Site "chess.com INT"]
[Date "2025.06.24"]
[Round "5"]
[White "Mammadov, Sadig"]
[Black "Gallo Garcia, Kemel Antonio"]
[Result "0-1"]
[WhiteTitle "IM"]
[BlackTitle "FM"]
[WhiteElo "2395"]
[BlackElo "2362"]
[WhiteFideId "13408712"]
[BlackFideId "3523896"]
[EventDate "2025.06.24"]

1. Nf3 Nf6 2. b3 g6 3. Bb2 Bg7 4. e3 O-O 5. Be2 b6 6. O-O Bb7 7. c4 c5 8. d3 Nc6
9. Nbd2 d5 10. a3 d4 11. exd4 cxd4 12. b4 Nh5 13. b5 Na5 14. g3 e5 15. Re1 Re8
16. Bf1 f5 17. Bg2 Qd6 18. Nh4 Nf6 19. Ndf3 Rad8 20. Rc1 Nd7 21. a4 Nc5 22. Ba3
h6 23. Bxc5 bxc5 24. Rb1 e4 25. Nd2 e3 26. Bxb7 Nxb7 27. Nb3 Qf6 28. Qf3 Re7 29.
a5 a6 30. fxe3 dxe3 31. Rxe3 Rxe3 32. Qxe3 Qd6 33. bxa6 Nxa5 34. Nf3 Nxb3 35.
Rxb3 Qxa6 36. Qxc5 Qa1+ 37. Kg2 Qa2+ 38. Kh3 Qxb3 39. Qc6 Qxd3 40. Nh4 Qf1+ 41.
Ng2 Rd2 42. c5 Qe2 43. Qb7 Qg4# 0-1

[Event "Titled Tue 24th Jun Late"]
[Site "chess.com INT"]
[Date "2025.06.24"]
[Round "5"]
[White "Amburgy, Ryan"]
[Black "Esipenko, Andrey"]
[Result "0-1"]
[WhiteTitle "FM"]
[BlackTitle "GM"]
[WhiteElo "2332"]
[BlackElo "2689"]
[WhiteFideId "30924820"]
[BlackFideId "24175439"]
[EventDate "2025.06.24"]

1. d4 d5 2. c4 dxc4 3. Nf3 Nf6 4. e3 e6 5. Bxc4 c5 6. O-O a6 7. Bb3 b5 8. a4 c4
9. Bc2 Bb7 10. b3 cxb3 11. Bd3 b4 12. Qxb3 Nbd7 13. Nbd2 Be7 14. Bb2 O-O 15. e4
a5 16. Rac1 Rc8 17. Rxc8 Qxc8 18. Rc1 Qa8 19. Qc2 Rc8 20. Qb1 Nb6 21. e5 Rxc1+
22. Bxc1 Nfd5 23. Bxh7+ Kf8 24. Bc2 Nc3 25. Qa1 Bc6 26. d5 Bxd5 27. Bb2 Qc6 28.
Bxc3 bxc3 29. Nb3 Bxf3 30. gxf3 Qxf3 31. Nxa5 Qg4+ 32. Kh1 Nd5 33. Qd1 Qb4 34.
Nc6 Qb7 35. Nxe7 Ne3+ 0-1

[Event "Titled Tue 24th Jun Late"]
[Site "chess.com INT"]
[Date "2025.06.24"]
[Round "5"]
[White "Moroni, Luca Jr"]
[Black "Borisek, Jure"]
[Result "0-1"]
[WhiteTitle "GM"]
[BlackTitle "GM"]
[WhiteElo "2549"]
[BlackElo "2558"]
[WhiteFideId "865834"]
[BlackFideId "14603152"]
[EventDate "2025.06.24"]

1. d4 g6 2. e4 Bg7 3. Nc3 d6 4. Be3 a6 5. g4 b5 6. h4 Bb7 7. h5 b4 8. Nd5 e6 9.
Nxb4 Bxe4 10. f3 Bb7 11. g5 Ne7 12. h6 Bf8 13. Bh3 a5 14. Nd3 Nd5 15. Bd2 Be7
16. c4 Nb6 17. Qc1 O-O 18. Ne2 N8d7 19. c5 Bxf3 20. cxb6 Bxh1 21. bxc7 Qc8 22.
Qc3 Bd5 23. Rc1 Nb6 24. b3 Qb7 25. Nef4 Bxg5 26. Nh5 Bh4+ 27. Kf1 gxh5 28. Nf4
Kh8 29. Qe3 Rg8 30. Be1 Bg5 31. Qf2 Rac8 32. Bd2 f5 33. Nxh5 Bxd2 34. Qxd2 Rxc7
35. Re1 Qa6+ 36. Kf2 Qc8 37. Re2 Qd8 38. Qf4 Rc3 39. Bg2 0-1

[Event "Titled Tue 24th Jun Late"]
[Site "chess.com INT"]
[Date "2025.06.24"]
[Round "5"]
[White "Ribeiro, Gustavo"]
[Black "Myagmarsuren, Evsuld"]
[Result "1-0"]
[WhiteTitle "FM"]
[BlackTitle "FM"]
[WhiteElo "2314"]
[BlackElo "2292"]
[WhiteFideId "1941852"]
[BlackFideId "1551639"]
[EventDate "2025.06.24"]

1. c4 c6 2. Nf3 d5 3. g3 g6 4. cxd5 cxd5 5. Bg2 Bg7 6. O-O e5 7. d3 Ne7 8. Nc3
O-O 9. e4 Nbc6 10. exd5 Nxd5 11. Bg5 Qa5 12. Bd2 Nxc3 13. Bxc3 Qb6 14. Re1 Bf5
15. Nxe5 Nxe5 16. Bxe5 Rad8 17. Bxg7 Kxg7 18. Qf3 Rxd3 19. Qxb7 Qxb7 20. Bxb7
Rb8 21. Ba6 Rd6 22. Bc4 Rxb2 23. Re7 Rd7 24. Rae1 Rxe7 25. Rxe7 Bh3 26. Re1 a5
27. Ra1 a4 28. a3 h5 29. Bd5 Rd2 30. Bc6 Bd7 31. Bf3 h4 32. gxh4 Rd4 33. Rd1
Rxd1+ 34. Bxd1 Kf6 35. Kg2 Ke5 36. Kg3 Kd4 37. Kf4 f6 38. Bc2 Kc3 39. Bxg6 Kb3
40. Bf7+ Kxa3 41. h5 Kb2 42. h6 a3 43. h7 Be8 44. Bxe8 a2 1-0

[Event "Titled Tue 24th Jun Late"]
[Site "chess.com INT"]
[Date "2025.06.24"]
[Round "5"]
[White "Andrade, Ivan"]
[Black "Zepeda Berlanga, Jan Enrique"]
[Result "0-1"]
[WhiteTitle "FM"]
[BlackTitle "CM"]
[WhiteElo "2144"]
[BlackElo "1984"]
[WhiteFideId "14800039"]
[BlackFideId "5132355"]
[EventDate "2025.06.24"]

1. e4 e5 2. Nf3 Nc6 3. Bb5 a6 4. Ba4 d6 5. O-O Bg4 6. c3 Qf6 7. h3 h5 8. d3 Ne7
9. Be3 g5 10. Bxg5 Qg6 11. h4 f6 12. Be3 Rg8 13. g3 Bh6 14. Bxh6 Qxh6 15. Qd2
Qg6 16. Qe3 O-O-O 17. Nbd2 d5 18. Bb3 Rgf8 19. d4 dxe4 20. Nxe4 Nf5 21. Be6+ Kb8
22. Bxf5 Qxf5 23. Ned2 exd4 24. cxd4 Rfe8 25. Qb3 Nxd4 26. Nxd4 Rxd4 27. Nc4 Bf3
28. Rfe1 Red8 29. Na5 b6 30. Nc4 Rd3 0-1

[Event "Titled Tue 24th Jun Late"]
[Site "chess.com INT"]
[Date "2025.06.24"]
[Round "5"]
[White "Burovic, Rijad"]
[Black "Zeliantsova, Kseniya"]
[Result "0-1"]
[WhiteTitle "IM"]
[BlackTitle "WFM"]
[WhiteElo "2420"]
[BlackElo "2062"]
[WhiteFideId "14407701"]
[BlackFideId "13512617"]
[EventDate "2025.06.24"]

1. e4 d6 2. Nc3 Nf6 3. f4 g6 4. Nf3 Bg7 5. g3 O-O 6. Bg2 Bg4 7. h3 Bxf3 8. Qxf3
Nc6 9. d3 Nd7 10. O-O f5 11. Be3 e5 12. fxe5 Ndxe5 13. Qe2 fxe4 14. Nxe4 Qd7 15.
d4 Nf7 16. Nf6+ Bxf6 17. Rxf6 Qe7 18. Qf2 Rae8 19. Bd2 Nfd8 20. Bg5 Rxf6 21.
Bxf6 Qf7 22. Rf1 Rf8 23. b3 Ne7 24. g4 c6 25. c4 h6 26. Qe3 Ne6 27. Qxh6 Ng7 28.
Qg5 Nc8 29. d5 c5 30. Be4 Ne7 31. Bxe7 Qxf1+ 32. Kh2 Rf2+ 33. Kg3 Qg1+ 34. Kh4
Qe1 35. Qxg6 Rf5# 0-1

[Event "Titled Tue 24th Jun Late"]
[Site "chess.com INT"]
[Date "2025.06.24"]
[Round "5"]
[White "Pakleza, Zbigniew"]
[Black "Caruana, Fabiano"]
[Result "0-1"]
[WhiteTitle "GM"]
[BlackTitle "GM"]
[WhiteElo "2484"]
[BlackElo "2777"]
[WhiteFideId "1119290"]
[BlackFideId "2020009"]
[EventDate "2025.06.24"]

1. d4 d6 2. Nf3 Nf6 3. Bf4 g6 4. h3 Bg7 5. e3 O-O 6. Be2 c5 7. c3 b6 8. Nbd2 Bb7
9. O-O Nbd7 10. Bh2 Qc7 11. a4 a6 12. Bd3 Rfe8 13. Qb3 Bc6 14. Bc4 e6 15. Rfd1
Bf8 16. Be2 Qb7 17. Nc4 Ne4 18. Ne1 d5 19. Ne5 Nxe5 20. Bxe5 f6 21. Bh2 c4 22.
Qc2 b5 23. axb5 axb5 24. b3 Rxa1 25. Rxa1 Ra8 26. Rxa8 Qxa8 27. bxc4 bxc4 28. f3
Nd6 29. Bxd6 Bxd6 30. Qb2 Qa3 31. Qb6 Be8 32. Nc2 Qc1+ 33. Kf2 Bf8 34. Nb4 Bf7
35. Na2 Qd2 36. Qa7 g5 37. g3 Bg6 38. Nb4 Bxb4 39. cxb4 Bd3 40. Qb8+ Kg7 41.
Qc7+ Kg6 42. Qd8 Qxe2+ 43. Kg1 Qxe3+ 44. Kg2 Qe2+ 45. Kg1 Qf1+ 46. Kh2 Qf2+ 47.
Kh1 Qxf3+ 48. Kg1 Qxg3+ 49. Kh1 Qxh3+ 50. Kg1 Qg3+ 51. Kh1 Be4# 0-1

[Event "Titled Tue 24th Jun Late"]
[Site "chess.com INT"]
[Date "2025.06.24"]
[Round "5"]
[White "Petersen, Marcel"]
[Black "Arias Igual, Alejandro"]
[Result "1-0"]
[WhiteTitle "CM"]
[BlackTitle "FM"]
[WhiteElo "2236"]
[BlackElo "2242"]
[WhiteFideId "12935670"]
[BlackFideId "2254905"]
[EventDate "2025.06.24"]

1. e4 c5 2. Nf3 Nc6 3. Bb5 g6 4. O-O Bg7 5. c3 Nf6 6. Re1 O-O 7. h3 d5 8. e5 Nd7
9. d4 cxd4 10. cxd4 Nb6 11. Bxc6 bxc6 12. Nc3 f6 13. Na4 Nxa4 14. Qxa4 Qb6 15.
Be3 Bf5 16. Rac1 Rac8 17. Qa3 Be4 18. Nd2 fxe5 19. Nxe4 exd4 20. Nc5 dxe3 21.
Qxe3 e5 22. b3 e4 23. Red1 Rce8 24. Qg5 Bf6 25. Qg3 Rf7 26. Rc2 Be5 27. Qg4 Ref8
28. Nd7 Qc7 29. Nxf8 Rxf8 30. Rxd5 Bh2+ 31. Kh1 Qb8 32. Rxc6 e3 33. Qe6+ Kh8 34.
Qxe3 Bf4 35. Qd4+ Kg8 36. Rd7 1-0

[Event "Titled Tue 24th Jun Late"]
[Site "chess.com INT"]
[Date "2025.06.24"]
[Round "5"]
[White "Bortnyk, Olexandr"]
[Black "Rajaram, Rohan"]
[Result "1-0"]
[WhiteTitle "GM"]
[BlackTitle "CM"]
[WhiteElo "2601"]
[BlackElo "2164"]
[WhiteFideId "14120828"]
[BlackFideId "30940729"]
[EventDate "2025.06.24"]

1. e4 c5 2. Nf3 d6 3. Bb5+ Nd7 4. a4 a6 5. Bc4 Ngf6 6. d3 e6 7. O-O Be7 8. c3
O-O 9. Re1 Rb8 10. a5 d5 11. exd5 exd5 12. Bb3 b5 13. Bf4 Ra8 14. d4 Bb7 15.
Nbd2 Ne4 16. dxc5 Ndxc5 17. Bc2 Bf6 18. h3 b4 19. cxb4 Bxb2 20. bxc5 Nc3 21.
Bxh7+ Kh8 22. Qc2 Bxa1 23. Rxa1 Ne2+ 24. Kh1 Nxf4 25. Rb1 Rb8 26. Bf5 Bc6 27.
Rb6 Bb5 28. Qc3 Rxb6 29. axb6 Bc6 30. Qe5 Ng6 31. Bxg6 fxg6 32. Nd4 Ba8 33. N2f3
Re8 34. Ne6 Qe7 35. Nfd4 Qf6 36. Qxf6 gxf6 37. Nc7 Re1+ 38. Kh2 Bb7 39. c6 Rb1
40. Nxd5 Bc8 41. Ne7 Rxb6 42. Nxc8 Rb4 43. Nd6 Rxd4 44. c7 1-0

[Event "Titled Tue 24th Jun Late"]
[Site "chess.com INT"]
[Date "2025.06.24"]
[Round "5"]
[White "Marin Ferragut, Pau"]
[Black "Sitnic, Adnan"]
[Result "0-1"]
[WhiteTitle "FM"]
[BlackTitle "CM"]
[WhiteElo "2380"]
[BlackElo "2058"]
[WhiteFideId "54716020"]
[BlackFideId "14403854"]
[EventDate "2025.06.24"]

1. Nf3 Nf6 2. c4 g6 3. g3 Bg7 4. Bg2 O-O 5. O-O c6 6. d3 d5 7. Nbd2 Nbd7 8. Qc2
e5 9. e4 d4 10. a3 c5 11. b4 b6 12. Nb3 Qc7 13. Bd2 a5 14. bxa5 bxa5 15. Rfb1 a4
16. Nc1 Ne8 17. Rb2 Nd6 18. Ne1 Bb7 19. Rab1 Bc6 20. Ne2 f5 21. f3 fxe4 22. fxe4
Nf6 23. h3 Nh5 24. Nf3 Rae8 25. Qd1 Nxe4 26. dxe4 Bxe4 27. Ng5 Bxg2 28. Kxg2
Qc6+ 29. Kg1 h6 30. Rb6 Qa8 31. Ne6 Rf3 32. Nc7 Qe4 33. g4 Ng3 34. Nf4 exf4 35.
Nxe8 Ne2+ 36. Qxe2 Qxe2 37. Bxf4 Qf2+ 38. Kh1 Rxh3+ 39. Bh2 Qxh2# 0-1

[Event "Titled Tue 24th Jun Late"]
[Site "chess.com INT"]
[Date "2025.06.24"]
[Round "5"]
[White "Maksimovic, Bojan"]
[Black "Tica, Sven"]
[Result "0-1"]
[WhiteTitle "IM"]
[BlackTitle "IM"]
[WhiteElo "2514"]
[BlackElo "2442"]
[WhiteFideId "14408120"]
[BlackFideId "14526948"]
[EventDate "2025.06.24"]

1. b3 g6 2. Bb2 Nf6 3. Nc3 Bg7 4. e3 O-O 5. d4 d6 6. Qd2 c6 7. Nge2 b5 8. f3 a5
9. a4 b4 10. Nd1 Ba6 11. Nf2 Nbd7 12. Ng3 c5 13. Bxa6 Rxa6 14. O-O Nd5 15. e4
Nc3 16. Bxc3 bxc3 17. Qe2 Rb6 18. dxc5 Nxc5 19. Rad1 Qc7 20. Nd3 Ne6 21. Kh1 Rc8
22. f4 Qb7 23. f5 Nd4 24. Qf2 e5 25. fxe6 fxe6 26. Nf4 Rb4 27. Nge2 Qxe4 28.
Nxd4 Bxd4 29. Qe2 Qxe2 30. Nxe2 Be5 31. g3 Re4 32. Rf2 Rf8 33. Rxf8+ Kxf8 34.
Ng1 Ke7 35. Kg2 g5 36. Kf3 d5 37. Ne2 g4+ 38. Kf2 Kd6 39. Rd3 Kc5 40. Nxc3 Rd4
41. Rxd4 Bxd4+ 0-1

[Event "Titled Tue 24th Jun Late"]
[Site "chess.com INT"]
[Date "2025.06.24"]
[Round "5"]
[White "Haug, Havard"]
[Black "Moeller, Maurin"]
[Result "0-1"]
[WhiteTitle "FM"]
[BlackTitle "FM"]
[WhiteElo "2354"]
[BlackElo "2336"]
[WhiteFideId "1547887"]
[BlackFideId "16265696"]
[EventDate "2025.06.24"]

1. e4 g6 2. d4 Bg7 3. Nc3 d6 4. Bc4 a6 5. a4 b6 6. Nf3 Bb7 7. Qe2 e6 8. O-O Ne7
9. Bf4 O-O 10. Qd2 Re8 11. Bh6 Bh8 12. Qf4 Qd7 13. Ng5 Nec6 14. d5 Nd4 15. dxe6
Nxe6 16. Nxe6 fxe6 17. Rad1 Nc6 18. Bb3 Ne5 19. Qg3 Nf7 20. Be3 Bf6 21. h4 Kh8
22. Rfe1 Qe7 23. Qh3 Bxh4 24. Bxe6 Bxf2+ 25. Bxf2 Qxe6 26. Qg3 Ne5 27. Nd5 Bxd5
28. exd5 Qf5 29. Bd4 Re7 30. Re2 Rae8 31. Rf1 Qh5 32. Rfe1 Kg8 33. Re3 Qf5 34.
c3 Qf7 35. Rf1 Qxd5 36. Qg5 Nf3+ 37. Rexf3 Qxg5 38. Bf6 Qc5+ 39. Bd4 Qd5 40. Rf4
c5 41. Bf6 Re2 42. Rg4 Re1 43. Rxe1 Rxe1+ 44. Kh2 Qh5+ 45. Rh4 Qf5 46. Bd8 Qe5+
47. g3 Qe2+ 48. Kh3 Rh1# 0-1

[Event "Titled Tue 24th Jun Late"]
[Site "chess.com INT"]
[Date "2025.06.24"]
[Round "5"]
[White "Zhigalko, Sergei"]
[Black "Goncharov, Vladimir"]
[Result "1-0"]
[WhiteTitle "GM"]
[WhiteElo "2572"]
[BlackElo "2077"]
[WhiteFideId "13502956"]
[BlackFideId "34162256"]
[EventDate "2025.06.24"]

1. e4 e6 2. d4 d5 3. e5 c5 4. c3 Nc6 5. Nf3 Nge7 6. Na3 Bd7 7. Nc2 Qa5 8. Bd2
Qb6 9. Rb1 cxd4 10. cxd4 Nf5 11. Bc3 Nb4 12. Nxb4 Bxb4 13. Bd3 Nxd4 14. Nxd4
Qxd4 15. O-O Qb6 16. Qg4 Bf8 17. Rfc1 g6 18. Bd4 Qd8 19. Qf4 Be7 20. Qe3 O-O 21.
Rc3 Bc6 22. Bxa7 Qa5 23. Bd4 Qxa2 24. Qh6 Bb4 25. Rcc1 Qb3 26. Bc2 Qa2 27. h4
Rfc8 28. h5 Bf8 29. Qg5 Qa5 30. hxg6 fxg6 31. Bxg6 hxg6 32. Qxg6+ Bg7 33. Qxe6+
Kh8 34. Rc3 Qxc3 35. Bxc3 Re8 36. Qh3+ Kg8 37. Qg4 Rad8 38. Rd1 d4 39. Rxd4 1-0

[Event "Titled Tue 24th Jun Late"]
[Site "chess.com INT"]
[Date "2025.06.24"]
[Round "5"]
[White "Deng, Henry"]
[Black "Salinas Herrera, Pablo"]
[Result "0-1"]
[WhiteTitle "FM"]
[BlackTitle "GM"]
[WhiteElo "2327"]
[BlackElo "2447"]
[WhiteFideId "30965454"]
[BlackFideId "3407128"]
[EventDate "2025.06.24"]

1. e4 c5 2. Nc3 a6 3. g3 b5 4. Bg2 Bb7 5. d3 e6 6. Nh3 d6 7. O-O Nd7 8. f4 Qc7
9. f5 e5 10. Ng5 Ngf6 11. a4 b4 12. Ne2 h6 13. Nf3 d5 14. exd5 Bxd5 15. Nh4 Bxg2
16. Nxg2 c4 17. Be3 Bc5 18. dxc4 Ng4 19. Bxc5 Qxc5+ 20. Kh1 Nf2+ 21. Rxf2 Qxf2
22. Qd3 Nc5 23. Qe3 Qxe3 24. Nxe3 O-O-O 25. Nd5 a5 26. Kg2 Kb7 27. b3 Nd7 28.
Nc1 Nb6 29. Ne3 Rd2+ 30. Kf3 Rd4 31. Ne2 Rd2 32. c5 Nd7 33. Nc4 Rxc2 34. Nxa5+
Kc7 35. c6 Nf6 36. Rd1 e4+ 37. Ke3 Ng4+ 38. Kf4 Rxe2 39. Kxg4 Rd8 40. Rxd8 Kxd8
41. Kf4 Kc7 42. Nc4 g5+ 43. fxg6 fxg6 44. Ne5 g5+ 45. Kf5 Re1 46. a5 e3 47. a6
Rf1+ 48. Ke6 e2 49. a7 Rf8 50. Nd3 Kxc6 51. Ke7 Ra8 52. Nxb4+ Kb5 53. Nd3 Rxa7+
54. Kd6 Ra1 0-1

[Event "Titled Tue 24th Jun Late"]
[Site "chess.com INT"]
[Date "2025.06.24"]
[Round "5"]
[White "Cornelisse, Lorelei"]
[Black "Atoyan, Alberto"]
[Result "0-1"]
[WhiteTitle "WFM"]
[BlackTitle "CM"]
[WhiteElo "2138"]
[BlackElo "2266"]
[WhiteFideId "1087177"]
[BlackFideId "13314831"]
[EventDate "2025.06.24"]

1. d4 Nf6 2. Nc3 d5 3. Bf4 e6 4. Nb5 Na6 5. e3 c6 6. Nc3 Bd6 7. Bxd6 Qxd6 8.
Bxa6 bxa6 9. Na4 Nd7 10. Nf3 O-O 11. O-O c5 12. dxc5 Nxc5 13. Nxc5 Qxc5 14. c3
a5 15. Qd4 Qc7 16. Rfd1 Rb8 17. Rd2 Ba6 18. Rc1 Rfc8 19. h4 h6 20. g3 Rd8 21.
Ne5 f6 22. Nf3 e5 23. Qg4 Bc8 24. Qg6 Bb7 25. h5 Qc6 26. Rcd1 d4 27. e4 Qxe4 28.
Qxe4 Bxe4 29. Nh4 d3 30. f3 Bh7 31. Kf2 Rb6 32. Ng2 Rdb8 33. Ne1 Rxb2 34. Ke3
Rxd2 35. Rxd2 Rc8 36. Rb2 Rc7 37. Rb8+ Kf7 38. g4 g5 39. Rh8 Kg7 40. Ra8 Rd7 41.
Kd2 Rb7 0-1

[Event "Titled Tue 24th Jun Late"]
[Site "chess.com INT"]
[Date "2025.06.24"]
[Round "5"]
[White "Gelman, Alexander"]
[Black "Beulen, Marcel"]
[Result "1-0"]
[WhiteTitle "IM"]
[BlackTitle "FM"]
[WhiteElo "2403"]
[BlackElo "2359"]
[WhiteFideId "4118316"]
[BlackFideId "1001450"]
[EventDate "2025.06.24"]

1. d4 d5 2. Nc3 Nf6 3. Bf4 c6 4. f3 Bf5 5. g4 Bg6 6. h4 h5 7. g5 Nfd7 8. e4 e6
9. Nge2 Bb4 10. Bh3 dxe4 11. fxe4 Bxe4 12. O-O Bg6 13. Bg3 Qe7 14. Nf4 Nf8 15.
d5 Bxc3 16. bxc3 cxd5 17. c4 Be4 18. cxd5 exd5 19. c4 Ne6 20. cxd5 Nxf4 21. Rxf4
O-O 22. Qe2 Qc5+ 23. Bf2 Qc3 24. Rd1 Qxh3 25. Rxe4 Nd7 26. Qxh5 Rae8 27. Rde1
Rxe4 28. Rxe4 Qf5 29. Qg4 Qxg4+ 30. Rxg4 b6 31. Rc4 Rd8 32. Rc7 Ne5 33. Rxa7
Rxd5 34. Bxb6 Nf3+ 35. Kf2 Nxh4 36. Be3 Nf5 37. Bf4 Nd4 38. a4 Nb3 39. Kf3 Ra5
40. Rxa5 Nxa5 41. Ke4 Nc4 42. Bc7 Kf8 43. Kd4 Nb2 44. a5 Ke7 45. a6 Kd7 46. a7 1-0

[Event "Titled Tue 24th Jun Late"]
[Site "chess.com INT"]
[Date "2025.06.24"]
[Round "5"]
[White "Wagner, Dennis"]
[Black "Fiorito, Fabian"]
[Result "1-0"]
[WhiteTitle "GM"]
[BlackTitle "IM"]
[WhiteElo "2619"]
[BlackElo "2274"]
[WhiteFideId "24650684"]
[BlackFideId "100200"]
[EventDate "2025.06.24"]

1. e4 g6 2. d4 Bg7 3. Nc3 c6 4. f4 d5 5. e5 h5 6. Be3 Nh6 7. Nf3 Bg4 8. Bd3 e6
9. Bf2 Nd7 10. h3 Bxf3 11. Qxf3 h4 12. O-O Nf5 13. Bxf5 gxf5 14. Kh2 Nf8 15. Na4
Ng6 16. Nc5 Qe7 17. c4 dxc4 18. Rac1 Bh6 19. Be3 Rd8 20. Rxc4 Rd5 21. b4 a6 22.
a4 Kf8 23. Nd3 Kg7 24. Rc5 Rhd8 25. Rfc1 Qe8 26. Rxd5 Rxd5 27. Rc5 Qd7 28. Rxd5
cxd5 29. Nc5 Qc6 30. Qf1 b5 31. a5 Kg8 32. Qf2 Bf8 33. g3 hxg3+ 34. Qxg3 Be7 35.
Qg1 Kh7 36. Qd1 Kg7 37. Qf3 Nh4 38. Qg3+ Ng6 39. Bf2 Bh4 40. Qf3 Be7 41. Bg3 Kg8
42. Qf2 Kg7 43. h4 Nf8 44. h5 Kh7 45. Bh4 Qc7 46. Bxe7 Qxe7 47. Nxa6 Nd7 48. Qg3
Nf8 49. Nc5 1-0

[Event "Titled Tue 24th Jun Late"]
[Site "chess.com INT"]
[Date "2025.06.24"]
[Round "5"]
[White "Holinka, Henning"]
[Black "Kawka, Milena"]
[Result "1-0"]
[WhiteTitle "FM"]
[BlackTitle "WCM"]
[WhiteElo "2303"]
[BlackElo "2003"]
[WhiteFideId "12967084"]
[BlackFideId "21095167"]
[EventDate "2025.06.24"]

1. Nf3 Nf6 2. e3 c5 3. c4 d5 4. cxd5 Nxd5 5. Nc3 Nxc3 6. bxc3 Nc6 7. d4 e6 8.
Be2 Be7 9. O-O O-O 10. Ba3 cxd4 11. Bxe7 Nxe7 12. cxd4 b6 13. Ne5 Bb7 14. Bf3
Bxf3 15. Qxf3 Rc8 16. Rfc1 Qd5 17. Rxc8 Nxc8 18. Qxd5 exd5 19. Rc1 Nd6 20. Nc6
Re8 21. Nxa7 Ra8 22. Rc7 Kf8 23. g4 Ne8 24. Rd7 Nf6 25. Rb7 Ne8 26. Nb5 Rxa2 27.
Rb8 Ke7 28. Rxb6 Nf6 29. Rb7+ Kf8 30. f3 h6 31. Nd6 Re2 32. Rxf7+ Kg8 33. Re7
Rd2 34. Nf5 Rd1+ 35. Kg2 Rd2+ 36. Kg3 Rd3 37. Rxg7+ Kh8 38. Rg6 Ng8 39. Re6 Rd1
40. Nxh6 Nxh6 41. Rxh6+ Kg7 42. Rd6 Re1 43. Kf2 Rh1 44. Kg2 Re1 45. Re6 Re2+ 46.
Kg3 Re1 47. h4 Rg1+ 48. Kf4 Rh1 49. h5 Rh2 50. Rd6 Rg2 51. Rxd5 Rd2 52. Rc5 1-0

[Event "Titled Tue 24th Jun Late"]
[Site "chess.com INT"]
[Date "2025.06.24"]
[Round "5"]
[White "Kalinin, Nikita An."]
[Black "Vasquez Schroeder, Rodrigo"]
[Result "1-0"]
[WhiteTitle "FM"]
[BlackTitle "GM"]
[WhiteElo "2336"]
[BlackElo "2446"]
[WhiteFideId "34233512"]
[BlackFideId "3400042"]
[EventDate "2025.06.24"]

1. e4 e6 2. d4 d5 3. e5 c5 4. c3 Nc6 5. Nf3 Bd7 6. a3 Nge7 7. dxc5 Ng6 8. b4
Ncxe5 9. Nbd2 b6 10. cxb6 Qxb6 11. c4 dxc4 12. Nxc4 Nxc4 13. Bxc4 Rc8 14. Qe2
Bd6 15. O-O O-O 16. Be3 Qb8 17. h3 Bc6 18. Nd4 Bb7 19. Rac1 Rfe8 20. Bb5 Red8
21. Nc6 Bxc6 22. Bxc6 Bh2+ 23. Kh1 Bf4 24. Be4 Bxe3 25. Qxe3 Ne5 26. Rxc8 Rxc8
27. Rd1 Nc4 28. Qb3 g6 29. Bd3 Ne5 30. Ba6 Rc6 31. Bf1 Qc7 32. Kg1 Rc3 33. Qb2
g5 34. Qd2 h6 35. a4 Ra3 36. a5 Kg7 37. Qd4 Qc3 38. Qxa7 Qxb4 39. a6 Qa4 40. Re1
Qa5 41. Re4 Nc6 42. Qb7 Qd5 43. Qb2+ 1-0

[Event "Titled Tue 24th Jun Late"]
[Site "chess.com INT"]
[Date "2025.06.24"]
[Round "5"]
[White "Patel, Maahir M"]
[Black "Arakelyan, Manvel"]
[Result "0-1"]
[BlackTitle "FM"]
[WhiteElo "2106"]
[BlackElo "2326"]
[WhiteFideId "30995612"]
[BlackFideId "13317415"]
[EventDate "2025.06.24"]

1. d4 e6 2. Nc3 Bb4 3. e4 b6 4. Bd3 Bb7 5. Nf3 Ne7 6. O-O Bxc3 7. bxc3 O-O 8. c4
f5 9. e5 Qe8 10. Re1 Nbc6 11. c3 Na5 12. a4 Ba6 13. Nd2 Ng6 14. Ba3 Rf7 15. g3
Qd8 16. h4 h6 17. Qe2 Nf8 18. d5 Bb7 19. Qf3 f4 20. g4 Qxh4 21. Kg2 Re8 22. Rh1
Qd8 23. Rh5 Qa8 24. g5 exd5 25. gxh6 g6 26. Rg5 Kh7 27. Qh5 dxc4+ 28. Kg1 cxd3
29. Qg4 Be4 30. Bxf8 Rexf8 31. Re1 Bf5 32. Qh4 Qd5 33. Nf3 d2 34. Rd1 Qxf3 35.
Rxd2 Nc4 36. Rd4 Nxe5 37. Rxf4 Qd1+ 38. Kh2 Nf3+ 39. Rxf3 Qxf3 40. Qd4 Be4 41.
Rg1 Qxf2+ 42. Kh3 Qxd4 43. cxd4 Rf3+ 44. Kg4 R8f4+ 45. Kg5 Rf5+ 46. Kh4 Kxh6 47.
Rh1 R5f4# 0-1

[Event "Titled Tue 24th Jun Late"]
[Site "chess.com INT"]
[Date "2025.06.24"]
[Round "5"]
[White "Yushko, Olga"]
[Black "Terletsky, Oleg"]
[Result "0-1"]
[WhiteTitle "WFM"]
[BlackTitle "IM"]
[WhiteElo "2033"]
[BlackElo "2160"]
[WhiteFideId "14114500"]
[BlackFideId "14116774"]
[EventDate "2025.06.24"]

1. d4 Nf6 2. c4 g6 3. Nc3 Bg7 4. Nf3 O-O 5. Bg5 c5 6. e3 cxd4 7. exd4 d5 8. Bxf6
Bxf6 9. Nxd5 Bg7 10. Nc3 Bg4 11. d5 e6 12. Be2 exd5 13. cxd5 Qb6 14. Qb3 Re8 15.
Qxb6 axb6 16. Kd2 Nd7 17. h3 Bf5 18. g4 Bxc3+ 19. bxc3 Be4 20. d6 Ne5 21. Nxe5
Bxh1 22. Nc4 Bc6 23. Nxb6 Rad8 24. Nc4 Rxe2+ 25. Kxe2 Bb5 26. Ke3 Bxc4 27. Rd1
Bxa2 28. Ke4 f6 29. g5 fxg5 30. Ke5 Kf7 31. Ra1 Be6 32. Ra7 Rd7 33. Ra4 Bxh3 34.
c4 Bf5 35. c5 h5 36. Ra7 h4 37. Ra8 Kg7 38. Ra1 h3 39. Rh1 g4 40. Kd5 Kf6 41.
Rh2 Kg5 42. c6 bxc6+ 43. Kxc6 Kf4 44. Rh1 Rh7 45. Rd1 h2 46. Rh1 Be4+ 0-1

[Event "Titled Tue 24th Jun Late"]
[Site "chess.com INT"]
[Date "2025.06.24"]
[Round "5"]
[White "Tan, Zhongyi"]
[Black "Dubnevych, Maksym"]
[Result "1-0"]
[WhiteTitle "GM"]
[BlackTitle "FM"]
[WhiteElo "2546"]
[BlackElo "2296"]
[WhiteFideId "8603642"]
[BlackFideId "14184001"]
[EventDate "2025.06.24"]

1. e4 e5 2. Nf3 Nc6 3. Bb5 a6 4. Ba4 Bc5 5. c3 Nge7 6. d4 exd4 7. cxd4 Bb4+ 8.
Nc3 d5 9. exd5 Qxd5 10. O-O Bxc3 11. bxc3 O-O 12. h3 Bf5 13. Re1 b5 14. Bb3 Qd6
15. a4 b4 16. d5 Na5 17. cxb4 Nxb3 18. Qxb3 Qxd5 19. Qc3 Ng6 20. Bb2 f6 21. Rad1
Qf7 22. Nd4 Bd7 23. a5 Ba4 24. Rd2 Rfe8 25. Rc1 Rac8 26. Qd3 Ra8 27. Qa3 Bb5 28.
Nxb5 axb5 29. Qg3 Re7 30. Rdc2 Ne5 31. Bxe5 fxe5 32. Rc5 Rf8 33. Rxb5 e4 34.
Rbc5 h6 35. a6 Qa2 36. Rxc7 Ref7 37. Rxf7 Rxf7 38. b5 Qb2 39. Qe3 Qxb5 40. Rc8+
Kh7 41. a7 Qa6 42. Qxe4+ g6 43. a8=Q Qf6 44. Rh8+ Qxh8 45. Qxh8+ Kxh8 46. Qxg6
Rg7 47. Qxh6+ 1-0